Indian Economy (Record no. 987)

MARC details
000 -LEADER
fixed length control field 00390nam a22001697a 4500
003 - CONTROL NUMBER IDENTIFIER
control field OSt
005 - DATE AND TIME OF LATEST TRANSACTION
control field 20240206122203.0
008 - FIXED-LENGTH DATA ELEMENTS--GENERAL INFORMATION
fixed length control field 240206b |||||||| |||| 00| 0 eng d
040 ## - CATALOGING SOURCE
Transcribing agency English
082 ## - DEWEY DECIMAL CLASSIFICATION NUMBER
Classification number 330.1/GOK
Item number 10001
100 ## - MAIN ENTRY--PERSONAL NAME
Personal name Gokhale, S.W.
245 ## - TITLE STATEMENT
Title Indian Economy
260 ## - PUBLICATION, DISTRIBUTION, ETC.
Place of publication, distribution, etc. Thane
Name of publisher, distributor, etc. Raj Enterprises
Date of publication, distribution, etc. 2023
300 ## - PHYSICAL DESCRIPTION
Extent 350p.
653 ## - INDEX TERM--UNCONTROLLED
Uncontrolled term Economics,
942 ## - ADDED ENTRY ELEMENTS (KOHA)
Source of classification or shelving scheme Dewey Decimal Classification
Koha item type Book
Suppress in OPAC No
Holdings
Withdrawn status Lost status Source of classification or shelving scheme Damaged status Not for loan Collection Home library Current library Date acquired Source of acquisition Total checkouts Full call number Barcode Date last seen Date last checked out Cost, replacement price Price effective from Koha item type
    Dewey Decimal Classification     Text Book Main Branch Main Branch 02/06/2024 Shri Ganesh Books Sevices Bill No. 234 dated 5/02/2024 3 330..1/GOK 10001 02/06/2024 02/06/2024 350.00 02/06/2024 Book